| 000 | 00561nam a22001817a 4500 | ||
|---|---|---|---|
| 005 | 20251108172917.0 | ||
| 008 | 250721s2004 xx 000 0 ara d | ||
| 082 | 1 | 4 | _a810.0906/ محج |
| 100 | 1 | _aمحجوب، سعاد سيد | |
| 245 | 1 | 0 | _aوصف البيت الحرام في الأدب العربي / |
| 264 | 1 |
_aأبو ظبي : _bالمجمع الثقافي، _c2004. |
|
| 300 | _a393 ص. | ||
| 650 | 1 | 7 | _aالنقد الأدبي |
| 650 | 1 | 7 | _aالأدب العربي |
| 650 | 1 | 7 | _aالأماكن المقدسة |
| 942 |
_2ddc _cBK |
||
| 999 |
_c91600 _d91600 |
||